000 00537nam a22001577a 4500
008 180208b xxu||||| |||| 00| 0 eng d
020 _a9715422888
082 _22001
_aDFil 899.211
_bP53
245 _aThe Hummingbird and the carabao (Tagalog)/
_cDamiana Eugenio [Compiler and editor]
260 _aQuezon City:
_bUP Press;
_cc2001.
300 _apages 37-38;
_c23 cm.
500 _aPhilippine folk literature: the folktales.
650 0 _926255
_aFolklore
650 0 _926256
_aPhilippine folk literature--Collections.
942 _2ddc
_cDFIL
999 _c8493
_d8493